| 000 | 00390nam a22001697a 4500 | ||
|---|---|---|---|
| 005 | 20160616115649.0 | ||
| 008 | 160616b xxu||||| |||| 00| 0 eng d | ||
| 020 | _a81-85274-56-8 | ||
| 041 | _aeng | ||
| 082 | _b7954 | ||
| 100 |
_aBlack, Sam _92088 |
||
| 245 | _aPractical Public Relations | ||
| 260 | _bUniversal Book Stall | ||
| 300 | _a222 | ||
| 650 |
_aManagement _9241 |
||
| 942 | _cBK | ||
| 999 |
_c2923 _d2922 |
||